Súčasnosť a perspektívy prepravnej spoločnosti Eustream,a.s. z finančno-ekonomického hľadiska bakalárska práca

Gespeichert in:
Bibliographische Detailangaben
1. Verfasser: Kmeťková, Dominika
Körperschaft: Národohospodárska fakulta EU. Katedra financií
Weitere Verfasser: Bašová, Alena, 1961-
Format: Buch
Sprache:Slowakisch
Veröffentlicht: Bratislava 2016
Tags: Tag hinzufügen
Keine Tags, Fügen Sie das erste Tag hinzu!

MARC

LEADER 00000nbm a2200000 4500
001 0219882
005 20161221095706.5
041 0 |a slo 
044 |a SK 
245 1 0 |a Súčasnosť a perspektívy prepravnej spoločnosti Eustream,a.s. z finančno-ekonomického hľadiska  |b bakalárska práca  |c Dominika Kmeťková ; školiteľ: Alena Bašová 
264 1 |a Bratislava  |c 2016 
300 |a 40 s. 
100 1 |a Kmeťková, Dominika 
700 1 |a Bašová, Alena, 1961- 
710 2 |a Národohospodárska fakulta EU. Katedra financií